000 00367cam a2200145ua 4500
003 OSt
008 240115b |||||||| |||| 00| 0 eng d
041 _amal
082 _a928.94812
_bKUN/NA
100 _aKunjukrishnan, Palippatu .
_95741
245 _aNamude sahithyakaranmar
260 _aKottayam :
_bNational book stall ,
_c1963.
300 _a237 ; .
942 _cBK
999 _c626
_d626